000 01872nam a2200253Ia 4500
999 _c56371
_d56371
001 23484
003 GE_BSU
005 20260206163005.0
008 181216s||||||||xx |||||||||||||| ||und||
040 _cGE_BSU
080 _a94(100)"04/14"(075.8)
100 _aტივაძე, გიორგი.
_926813
245 _aშუა საუკუნეების ისტორია. წ. 2, [ევროპის ქვეყნების ისტორია XII ს.-XVII ს. პირველი ნახევარი] :
_bსახელმძღვ. სტუდენტებისათვის /
_cგიორგი ტივაძე ; რედ. : გ. ბუაჩიძე; მხატვ.: მ.მათიაშვილი.
264 _aთბილისი :
_bთბილ. უნ-ტის გამ-ბა,
_c1970.
300 _a491 გვ. ;
_c21 სმ.
653 _aევროპის ქვეყნების ისტორია -- 12-17 სს.
653 _aისტორია
653 _aშუა საუკუნეების ისტორია -- სახელმძღვანელოები უმაღლესი სასწავლებლებისათვის.
653 _aშუა საუკუნეების ისტორია. წ. 2, [ევროპის ქვეყნების ისტორია XII ს.-XVII ს. პირველი ნახევარი]
700 _aბუაჩიძე, გ.
_eრედაქტორი
_916076
700 _aმათიაშვილი, მ.
_eმხატვარი
_926814
710 _aსაქ. სსრ მეცნ. აკად., ი. ჯავახიშვილის სახ. ისტ., არქეოლ. და ეთნოგრ. ინ-ტი
_926815
942 _cBK
_2udc